[Event "Madrid-ch Previa-A"]
[Site "Madrid"]
[Date "2019.02.19"]
[Round "8"]
[White "Perez Agusti, Luis"]
[Black "Valencia de Loma, Sergio"]
[Result "1-0"]
[WhiteElo "1934"]
[BlackElo "1757"]
[PlyCount "87"]
[EventDate "2019.02.04"]
[EventType "swiss"]
[EventRounds "9"]
[EventCountry "ESP"]
[SourceTitle "EXT 2021"]
[Source "ChessBase"]
[SourceDate "2020.10.23"]
[SourceVersion "1"]
[SourceVersionDate "2020.10.23"]
[SourceQuality "1"]

1. d4 f5 2. e4 e6 3. Bd3 d6 4. Nc3 g6 5. Qe2 Be7 6. exf5 exf5 7. Bg5 h6 8. Bh4 Kf8 9. Bxe7+ Qxe7 10. Nd5 Qf7 11. Nf4 Nf6 12. Bc4 d5 13. Bb3 c6 14. Nf3 Kg7 15. Ne5 Qc7 16. Nfxg6 Re8 17. 0-0 Nbd7 18. c3 Nxe5 19. Nxe5 Ng4 20. Rfe1 Bd7 21. Qd3 Kf6 22. f4 Be6 23. Qh3 Nxe5 24. Rxe5 Qg7 25. Bc2 Qg6 26. Rae1 Bd7 27. Bd1 Rxe5 28. Rxe5 Be6 29. Qh4+ Kg7 30. Qe7+ Bf7 31. Qd7 Re8 32. Qxb7 Rxe5 33. dxe5 a5 34. Qa7 h5 35. Qf2 c5 36. Qxc5 h4 37. Qf2 h3 38. Qg3 Qxg3 39. hxg3 hxg2 40. Kxg2 d4 41. cxd4 Bxa2 42. Bc2 Be6 43. Kh3 Kg6 44. g4 1-0

[Event "Madrid-ch Previa-A"]
[Site "Madrid"]
[Date "2018.02.06"]
[Round "2"]
[White "Camarero Izquierdo, Juan Carlos"]
[Black "Valencia de Loma, Sergio"]
[Result "1-0"]
[WhiteElo "1915"]
[BlackElo "1775"]
[PlyCount "60"]
[EventDate "2018.02.05"]
[EventType "swiss"]
[EventRounds "9"]
[EventCountry "ESP"]
[SourceTitle "EXT 2020"]
[Source "ChessBase"]
[SourceDate "2019.10.17"]
[SourceVersion "1"]
[SourceVersionDate "2019.10.17"]
[SourceQuality "1"]

1. d4 Nf6 2. Nc3 d5 3. Bg5 Nbd7 4. f3 h6 5. Bh4 c6 6. Qd3 Qb6 7. 0-0-0 e6 8. e4 dxe4 9. fxe4 Bb4 10. Nge2 0-0 11. h3 c5 12. Bf2 Rd8 13. dxc5 Bxc5 14. Na4 Qa5 15. Nxc5 b6 16. Nb3 Qa4 17. Nc3 Qa6 18. Qxa6 Bxa6 19. Bxa6 Ne5 20. Bd4 Ned7 21. e5 Ne8 22. Rhe1 Nc7 23. Bf1 a6 24. Bf2 Kf8 25. g4 Ke8 26. Bh4 g5 27. Bg3 b5 28. Bg2 Rac8 29. Ne4 Ke7 30. Nd6 Rb8 1-0

[Event "Madrid-ch sf-A"]
[Site "Madrid"]
[Date "2016.03.29"]
[Round "8"]
[White "Marin Aso, Jose Luis"]
[Black "Valencia de Loma, Sergio"]
[Result "1/2-1/2"]
[WhiteElo "1852"]
[BlackElo "1689"]
[PlyCount "78"]
[EventDate "2016.03.07"]
[EventType "swiss"]
[EventRounds "9"]
[EventCountry "ESP"]
[SourceTitle "EXT 2017"]
[Source "ChessBase"]
[SourceDate "2016.10.25"]
[SourceVersion "1"]
[SourceVersionDate "2016.10.25"]
[SourceQuality "1"]

1. e4 c5 2. Nc3 e6 3. f4 g6 4. Nf3 Bg7 5. Bc4 Ne7 6. d3 0-0 7. 0-0 a6 8. Qe1 b5 9. Bb3 Bb7 10. Qh4 d5 11. f5 exf5 12. Bh6 f6 13. Ng5 fxg5 14. Bxg5 c4 15. Bxe7 Qb6+ 16. Kh1 Bf6 17. Bxf6 Qxf6 18. Qxf6 Rxf6 19. Nxd5 Bxd5 20. dxc4 Bxe4 21. cxb5+ Kg7 22. bxa6 Nxa6 23. c3 Nc5 24. h3 Rfa6 25. Bc4 Rd6 26. Rf2 Rad8 27. a4 Nd3 28. Bxd3 Rxd3 29. a5 Rxh3+ 30. Kg1 Rhd3 31. a6 Rd1+ 32. Rf1 Rxf1+ 33. Kxf1 Bd3+ 34. Ke1 Ra8 35. a7 f4 36. Ra4 g5 37. Rd4 Bb5 38. Rd5 Bc6 39. Rc5 Bxg2 1/2-1/2

[Event "Madrid-ch sf-A"]
[Site "Madrid"]
[Date "2016.03.07"]
[Round "1"]
[White "Valencia de Loma, Sergio"]
[Black "Rosa Ramirez, Victor Diego"]
[Result "1-0"]
[WhiteElo "1689"]
[BlackElo "1971"]
[PlyCount "119"]
[EventDate "2016.03.07"]
[EventType "swiss"]
[EventRounds "9"]
[EventCountry "ESP"]
[SourceTitle "EXT 2017"]
[Source "ChessBase"]
[SourceDate "2016.10.25"]
[SourceVersion "1"]
[SourceVersionDate "2016.10.25"]
[SourceQuality "1"]

1. e4 e6 2. b3 d5 3. Bb2 Nf6 4. e5 Nfd7 5. f4 c5 6. Qg4 Nc6 7. Nf3 a6 8. c3 f5 9. Qg3 Nb6 10. d4 cxd4 11. Nxd4 Qc7 12. Nxc6 bxc6 13. Nd2 Be7 14. Be2 Qa7 15. Rc1 Rb8 16. Nf3 Na4 17. Ba1 Qe3 18. Nd2 Qxg3+ 19. hxg3 Nc5 20. g4 0-0 21. g5 g6 22. g3 a5 23. Kf2 Ne4+ 24. Nxe4 fxe4 25. Rh2 Bxg5 26. Rch1 Rf7 27. Ke3 Be7 28. c4 Bc5+ 29. Bd4 Bb4 30. c5 Ra8 31. Ra1 Ba3 32. Rb1 Rb8 33. Bb2 Bxc5+ 34. Bd4 Ba3 35. Bb2 Be7 36. Rc1 c5 37. Ba3 a4 38. Bd1 Bb7 39. Bxc5 Rc8 40. b4 Bd8 41. Bxa4 g5 42. Rch1 Rg7 43. Rh6 gxf4+ 44. gxf4 Ra8 45. Bb3 Bc8 46. R1h3 Be7 47. f5 Bg5+ 48. Kf2 Bxh6 49. Rxh6 Rf7 50. f6 Ba6 51. Bd1 Bd3 52. Ke3 Rxa2 53. Bh5 Rg2 54. Bxf7+ Kh8 55. Bxe6 d4+ 56. Kxd4 Rd2 57. Ke3 Re2+ 58. Kf4 Re1 59. Rh2 e3 60. Bxe3 1-0

[Event "Madrid-ch sf"]
[Site "Madrid"]
[Date "2016.02.17"]
[Round "6"]
[White "Valencia de Loma, Sergio"]
[Black "Calvo de Castro, Miguel"]
[Result "1/2-1/2"]
[WhiteElo "1672"]
[BlackElo "1773"]
[PlyCount "28"]
[EventDate "2016.02.08"]
[EventType "swiss"]
[EventRounds "9"]
[EventCountry "ESP"]
[SourceTitle "CBM 171 Extra"]
[Source "ChessBase"]
[SourceDate "2016.04.26"]
[SourceVersion "1"]
[SourceVersionDate "2016.04.26"]
[SourceQuality "1"]

1. e4 e5 2. Nf3 Nc6 3. d4 exd4 4. Nxd4 Bc5 5. Nb3 Bb6 6. f4 d6 7. Nc3 Nge7 8. f5 Ne5 9. g4 Nxf5 10. exf5 Qh4+ 11. Kd2 Bxf5 12. Be2 Nxg4 13. Bxg4 Qg5+ 14. Ke1 Qh4+ 1/2-1/2

[Event "Madrid-ch sf"]
[Site "Madrid"]
[Date "2016.02.15"]
[Round "4"]
[White "Valencia de Loma, Sergio"]
[Black "Martin Garcia, Francisco Javier"]
[Result "0-1"]
[WhiteElo "1672"]
[BlackElo "1553"]
[PlyCount "140"]
[EventDate "2016.02.08"]
[EventType "swiss"]
[EventRounds "9"]
[EventCountry "ESP"]
[SourceTitle "CBM 171 Extra"]
[Source "ChessBase"]
[SourceDate "2016.04.26"]
[SourceVersion "1"]
[SourceVersionDate "2016.04.26"]
[SourceQuality "1"]

1. e4 d5 2. exd5 Nf6 3. d4 Bg4 4. Bb5+ Nbd7 5. Be2 Bxe2 6. Qxe2 Nxd5 7. c4 N5f6 8. Nf3 g6 9. Nc3 Bg7 10. 0-0 0-0 11. Bg5 h6 12. Bh4 Re8 13. Rad1 Qc8 14. Rfe1 c6 15. Ne5 Nxe5 16. dxe5 Nh7 17. Nb1 Nf8 18. Na3 Ne6 19. Nc2 Qc7 20. Nd4 Nxd4 21. Rxd4 Rad8 22. Rxd8 Rxd8 23. Bg3 e6 24. f4 Qd7 25. Bh4 Qd4+ 26. Qf2 Qxf2+ 27. Kxf2 Rd4 28. Ke3 Rxc4 29. b3 Rc5 30. Rd1 Rd5 31. Rxd5 cxd5 32. b4 g5 33. fxg5 hxg5 34. Bxg5 Bxe5 35. h3 a6 36. Bh4 Kg7 37. Be1 Kg6 38. Kf3 Kf5 39. a4 b6 40. b5 axb5 41. axb5 Bd6 42. Bf2 Bc7 43. g4+ Kg6 44. Be3 e5 45. h4 Bd8 46. h5+ Kh7 47. Kg3 f6 48. Kf3 Bc7 49. Bf2 Kg7 50. Be3 Kf7 51. Ke2 Kg7 52. Kf3 Kh7 53. Ke2 d4 54. Bd2 e4 55. Bb4 Kg7 56. Be7 Kf7 57. h6 Kg6 58. Bf8 Bf4 59. Be7 d3+ 60. Kd1 Bxh6 61. Bd8 Be3 62. Ke1 Kg5 63. Kd1 Kxg4 64. Bxf6 Kf5 65. Bd8 Ke6 66. Bh4 Kd5 67. Bg3 Kc5 68. Bh4 Kxb5 69. Bg3 Kc4 70. Bh4 b5 0-1

[Event "Madrid-ch sf"]
[Site "Madrid"]
[Date "2016.02.10"]
[Round "3"]
[White "Vinas Lopez, Carlos"]
[Black "Valencia de Loma, Sergio"]
[Result "0-1"]
[WhiteElo "1913"]
[BlackElo "1672"]
[PlyCount "106"]
[EventDate "2016.02.08"]
[EventType "swiss"]
[EventRounds "9"]
[EventCountry "ESP"]
[SourceTitle "CBM 171 Extra"]
[Source "ChessBase"]
[SourceDate "2016.04.26"]
[SourceVersion "1"]
[SourceVersionDate "2016.04.26"]
[SourceQuality "1"]

1. d4 d5 2. c4 e6 3. Nc3 Be7 4. Nf3 Nf6 5. cxd5 exd5 6. Qc2 c6 7. Bg5 Nbd7 8. e3 0-0 9. Bd3 h6 10. Bh4 Re8 11. 0-0 Ne4 12. Bxe7 Qxe7 13. Rab1 a5 14. a3 Nf8 15. Na4 Bg4 16. Nd2 Ng5 17. Rfe1 Qf6 18. f3 Nxf3+ 19. Nxf3 Bxf3 20. gxf3 Qxf3 21. Qf2 Qh3 22. Qg3 Qh5 23. Rf1 Re6 24. Rf5 Qg6 25. Qxg6 Nxg6 26. Kf2 Nh4 27. Rf4 g5 28. Rg4 Rae8 29. Re1 Rf6+ 30. Ke2 Nf3 31. Rf1 Nxh2 32. Rxg5+ hxg5 33. Rxf6 Rxe3+ 34. Kxe3 Ng4+ 35. Kf3 Nxf6 36. Nc5 b6 37. Na4 b5 38. Nc5 a4 39. Na6 Nd7 40. Nb4 Nb8 41. Kg4 f6 42. Kf5 Kf7 43. Be2 Ke7 44. Bh5 Kd6 45. Be8 c5 46. Nc2 Nc6 47. Bxc6 Kxc6 48. Kxf6 g4 49. dxc5 Kxc5 50. Ne3 g3 51. Ke5 d4 52. Ng2 d3 53. Ne3 d2 0-1

[Event "ESP-chT U16"]
[Site "Benidorm"]
[Date "2010.12.05"]
[Round "2"]
[White "Valencia de Loma, Sergio"]
[Black "Molina Rodriguez, Borja"]
[Result "0-1"]
[WhiteElo "1680"]
[BlackElo "2043"]
[PlyCount "74"]
[EventDate "2010.12.04"]
[EventType "team"]
[EventRounds "6"]
[EventCountry "ESP"]
[SourceTitle "EXT 2014"]
[Source "ChessBase"]
[SourceDate "2013.11.20"]
[SourceVersion "1"]
[SourceVersionDate "2013.11.20"]
[SourceQuality "1"]

1. e4 c5 2. c4 Nc6 3. Nc3 g6 4. g3 Bg7 5. Nge2 d6 6. h3 f5 7. d3 Nf6 8. Bg2 0-0 9. 0-0 e5 10. Bg5 h6 11. Be3 Be6 12. Kh2 Qd7 13. Rc1 Nd4 14. Qd2 Kh7 15. f4 Nh5 16. b3 Rf7 17. exf5 Nxf5 18. Ne4 Raf8 19. Bxc5 exf4 20. gxf4 dxc5 21. Nxc5 Qe7 22. Nxe6 Qxe6 23. Bd5 Qd6 24. Bxf7 Rxf7 25. Rf2 g5 26. Rcf1 gxf4 27. Nxf4 Be5 28. Kg2 Nxf4+ 29. Rxf4 Bxf4 30. Qxf4 Qxd3 31. Re1 Qc2+ 32. Kh1 Rg7 33. Qf3 Ng3+ 34. Kg1 Ne4+ 35. Kh1 Nf2+ 36. Kh2 Ng4+ 37. Kg1 Ne5+ 0-1